Live After Death /

Grabaciones hechas en diversos conciertos de Iron Maiden realizados en el primer lustro de los 80.

Gespeichert in:
Bibliographische Detailangaben
Körperschaft: Iron Maiden (música, ejecución musical y voz)
Weitere Verfasser: Dickinson, Bruce (voz) (voz), Murray, Dave (ejecución musical) (ejecución musical), Smith, Adrian (ejecución musical) (ejecución musical), Gers, Janick (ejecución musical) (ejecución musical), Harris, Steve (ejecución musical) (ejecución musical), McBrain, Nicko (ejecución musical) (ejecución musical), Yukichi, Jim (dirección) (dirección)
Format: Dia
Sprache:Englisch
Veröffentlicht: Londres, Inglaterra : Iron Maiden : EMI Music, 2008, c2008
México : EMI Music [dist.], 2008, c2008
Schlagworte:
Tags: Tag hinzufügen
Keine Tags, Fügen Sie das erste Tag hinzu!

MARC

LEADER 00000ngm^a2200000^a^4500
001 000318363
005 20251020000000.0
009 20260310113410.926
037 |a Acervo ITESO - Biblioteca 
041 |a SON 
041 |a ING 
082 |a 787. 110942  |b IRO 
110 |a Iron Maiden  |e (música, ejecución musical y voz) 
240 1 1 |a [Churchill Speech] 
240 1 1 |a [2 Minutes to Midnight] 
240 1 5 |a [The Trooper] 
240 1 1 |a [Revelations] 
240 1 1 |a [Flight of Icarus] 
240 1 1 |a [Rime of the Ancient Mariner] 
240 1 1 |a [Powerslave] 
240 1 1 |a [Number of the Beast] 
240 1 1 |a [Hallowed Be Thy Name] 
240 1 1 |a [Iron Maiden] 
240 1 1 |a [Run to the Hills] 
240 1 1 |a [Running Free] 
240 1 1 |a [Sanctuary] 
245 1 0 |a Live After Death /  |c Música, ejecución musical y voz de Iron Maiden ; voz B. Dickinson ; guitarra D. Murray, A. Smith, J. Gers ; bajo S. Harris ; batería N. McBrain ; dir. por J. Yukich... [et al.]. 
264 4 |a Londres, Inglaterra :  |b Iron Maiden :  |b EMI Music,  |c 2008, c2008 
264 4 |a México :  |b EMI Music [dist.],  |c 2008, c2008 
300 |a 2 DVDs sin dato de región  |c (89, 165 min.) (DVDs no disponibles para préstamo externo) +  |e 1 folleto (8 p.) 
336 |a imagen móvil bidimensional  |b tdi  |2 rdacontenido 
337 |a video  |b v  |2 rdamedio 
338 |a videodisco  |b vd  |2 rdasoporte 
520 |a Grabaciones hechas en diversos conciertos de Iron Maiden realizados en el primer lustro de los 80. 
546 |a En inglés, con subtítulos opcionales: español, francés, portugués 
649 |a XX 
650 |a Músicos Ingleses 
650 |a Banda (de Jazz, Rock, etc.) -  |z Inglaterra 
650 |a Conciertos (Espectáculos) 
650 |a Heavy Metal -  |z Inglaterra 
650 |a Hard Rock -  |z Inglaterra 
650 |a Rock -  |z Inglaterra 
650 |a Música Popular Moderna -  |y Siglo XX 
650 |a Música Popular Moderna -  |z Inglaterra 
650 |a Música Inglesa -  |y Siglo XX 
650 |a Iron Maiden -  |x Tema Principal 
650 |a Dickinson, Bruce 
650 |a Murray, Dave 
650 |a Smith, Adrian 
650 |a Gers, Janick 
650 |a Harris, Steve 
650 |a McBrain, Nicko 
700 |a Dickinson, Bruce  |e (voz) 
700 |a Murray, Dave  |e (ejecución musical) 
700 |a Smith, Adrian  |e (ejecución musical) 
700 |a Gers, Janick  |e (ejecución musical) 
700 |a Harris, Steve  |e (ejecución musical) 
700 |a McBrain, Nicko  |e (ejecución musical) 
700 |a Yukichi, Jim  |e (dirección) 
910 |a Fondo General 
920 |a Audiovisuales - DVDs 
940 |a DVDs y Videos de Música 
905 |a 307 
901 |a 0500205597  |b IT2  |c DVM  |i C124676  |u 20250521 
901 |a 0500205599  |b IT2  |c DVM  |i C124676  |u 20250521 
901 |a 0500205601  |b IT2  |c MIM  |u 20251020 
902 |a https://opac.biblio.iteso.mx/vufind/Record/000318363